000
00326nam a22001457a 4500
020
_a
81-7133-879-8
082
_a
593.4
_b
KOT/P
100
_a
KOTPAL, R.L
245
_a
PROTOZOA
250
_a
SIXTH REPRINT
260
_a
MEERUT
_b
RASTOGI PUBLICATIONS
_c
2006
300
_a
377
650
_a
BIOLOGY REFERENCE
_z
INDIA
942
_c
BK
999
_c
1360
_d
1360